000
00339nam a2200145Ia 4500
003
OSt
005
20240106103728.0
008
170523s9999 xx 000 0 und d
020
_a
9788126511167
040
_c
IIMT UNIVERSITY
100
_a
Duda- Richard O.
245
0
_a
Pattern Classification
260
_a
Wiley India
942
_2
ddc
_c
02
999
_c
12258
_d
12258